They defend our freedoms 30 years of the Sakharov Prize

Gespeichert in:
Bibliographische Detailangaben
Format: Buch
Sprache:Englisch
Veröffentlicht: Luxembourg Publications Office of the European Union 2017
Schlagworte:
Tags: Tag hinzufügen
Keine Tags, Fügen Sie das erste Tag hinzu!

MARC

LEADER 00000nam a2200000 4500
001 0240074
005 20240314123549.1
020 |a 978-92-846-1584-1 
041 0 |a eng 
044 |a LU 
245 1 0 |a They defend our freedoms  |b 30 years of the Sakharov Prize 
264 1 |a Luxembourg  |b Publications Office of the European Union  |c 2017 
300 |a 173 s. 
610 2 0 |a sloboda 
610 2 0 |a práva ľudské 
610 2 0 |a spoločnosť 
610 2 0 |a situácia politická 
610 2 0 |a situácia sociálna 
610 2 0 |a právo medzinárodné 
610 2 0 |a terorizmus 
610 2 0 |a demokracia